000
00207 a2200085 4500
020
_a
9780799329537
100
_a
Bergh, Rene
_9
74722
245
_a
Hartejag
999
_c
730171
_d
730170
942
_w
2694
_x
Grace Mofokeng
_y
296
_z
Phillipina Naude